02010cam a2200253 45000010005000000030008000050050017000130080039000300200015000690350018000840400027001020410008001290820020001371000024001572450157001812600058003383000024003965040020004205051198004406500032016386500012016707000034016827000040017166026BD-RjUL20211208234154.0140108s1974 cau 001 0 eng a0876207042 a(BD-RjUL)6065 aDLCcDLCdBD-RjULbeng aeng00a363.2bWHP 19741 aWhisenand, Paul M.,10aPolice-community relations :breadings in the development of effective environmental relations /cPaul M. Whisenand, James L. Cline, George T. Felkenes. aPacific Palisades, Calif.:bGoodyear Pub. Co.,cc1974 avii, 400 p.c23 cm. aIncludes index.0 aWilson, J. Q. Dilemmas of police administration.--Garmire, B. I. The police role in an urban society.--Myren, R. A. Decentralization and citizen participation in criminal justice systems.--Marx, G. T. and Archer, D. Citizen involvement in the law enforcement process.--Brown, L. P. Typology: orientation of police-community relations programs.--Commission on Law Enforcement and Administration of Justice. Task Force report: the police.--National Advisory Commission on Civil Disorders. The community response.--Task Force on Law and Law Enforcement. The police and their problems.--Brown, L. P. Establishing a police-community relations program.--International City Management Association. Police-community relations.--Olson, B. T. Public preferences for police-community public relations programs.--Becker, H. K. The student and the law.--Ventura County Sheriff's Department. The position of community relations in modern police administration.--Report of findings of the Social Actions Committee.--Gain, C. The state-of-the-art in police.--Bittner, E. Community relations.--National Advisory Committee on Criminal Justice Standards/Goals. The police role and developing community resources. 0aPolice-community relations. 0aPolice.1 aCline, James L.,ejoint comp.1 aFelkenes, George T.,ejoint author.